Vector analysis with applications (Record no. 5838)

000 -LEADER
fixed length control field 00528nam a22002051 4500
001 - CONTROL NUMBER
control field 5838
003 - CONTROL NUMBER IDENTIFIER
control field BD-DhUET
008 - FIXED-LENGTH DATA ELEMENTS--GENERAL INFORMATION
fixed length control field 861017s1932 enka 000 0 eng c
020 ## - INTERNATIONAL STANDARD BOOK NUMBER
International Standard Book Number 8122405487
040 ## - CATALOGING SOURCE
Original cataloging agency DLC/ICU
Transcribing agency CGU
Modifying agency BD-DhUET
082 0# - DEWEY DECIMAL CLASSIFICATION NUMBER
Classification number 516.83
Item number ALI/1993
100 ## - MAIN ENTRY--PERSONAL NAME
Personal name Ali Ashraf, Md.
245 10 - TITLE STATEMENT
Title Vector analysis with applications
250 ## - EDITION STATEMENT
Edition statement 3rd ed.
260 ## - PUBLICATION, DISTRIBUTION, ETC. (IMPRINT)
Place of publication, distribution, etc. New Delhi
Name of publisher, distributor, etc. Wiley Eastern
Date of publication, distribution, etc. 1993
300 ## - PHYSICAL DESCRIPTION
Extent xv,308p.
Other physical details ill.
Dimensions 23 cm.
504 ## - BIBLIOGRAPHY, ETC. NOTE
Bibliography, etc Includes bibliographies
650 #0 - SUBJECT ADDED ENTRY--TOPICAL TERM
Topical term or geographic name as entry element Vector analysis
942 ## - ADDED ENTRY ELEMENTS (KOHA)
Koha item type General Book
Holdings
Lost status Piece designation (barcode) Location (home branch) Sublocation or collection (holding branch) Shelving location Koha item type Price effective from Koha normalized classification for sorting Koha out on loan Copy number Not for loan Withdrawn status Source of classification or shelving scheme Damaged status Koha issues (times borrowed) Koha full call number Koha date last seen Koha date last borrowed Date acquired Koha renewals
 87531Central Library, BUETCentral Library, BUETCirculation sectionGeneral Book2014-11-29516_830000000000000_ALI_19932022-12-278    3516.83/ALI/19932022-12-132022-12-132014-11-29 
 87528Central Library, BUETCentral Library, BUETCirculation sectionGeneral Book2014-12-21516_830000000000000_ALI_1998 2    13516.83/ALI/19982025-05-132025-04-292014-12-211
 87530Central Library, BUETCentral Library, BUETCirculation sectionGeneral Book2015-01-27516_830000000000000_ALI_1998 3     516.83/ALI/19982016-04-02 2015-01-27 
 48783Central Library, BUETCentral Library, BUETCirculation sectionGeneral Book2015-01-31516_830000000000000_ALI_1998 4    6516.83/ALI/19982025-11-302022-12-132015-01-31 
 94102Central Library, BUETCentral Library, BUETCirculation sectionGeneral Book2015-02-11516_830000000000000_ALI_1998 1    5516.83/ALI/19982020-11-032020-01-052015-02-11 
 87525Central Library, BUETCentral Library, BUETCirculation sectionGeneral Book2015-04-11516_830000000000000_ALI_1993 7    8516.83/ALI/19932025-11-182024-04-022015-04-11 
 87526Central Library, BUETCentral Library, BUETCirculation sectionGeneral Book2015-04-23516_830000000000000_ALI_1993 6    6516.83/ALI/19932025-11-292023-09-272015-04-23 
 87529Central Library, BUETCentral Library, BUETCirculation sectionGeneral Book2015-05-03516_830000000000000_ALI_1993 7    2516.83/ALI/19932022-05-252022-03-302015-05-03 
 87550Central Library, BUETCentral Library, BUETReading sectionReading Item2015-06-07516_830000000000000_ALI_1993 9     516.83/ALI/19932015-06-07 2015-06-07 
 92374Central Library, BUETCentral Library, BUETReading sectionReading Item2015-06-07516_830000000000000_ALI_1993 10     516.83/ALI/19932015-06-07 2015-06-07 
 94100Central Library, BUETCentral Library, BUETReading sectionReading Item2015-06-08516_830000000000000_ALI_1993 12     516.83/ALI/19932015-06-08 2015-06-08 
 87551Central Library, BUETCentral Library, BUETReading sectionReading Item2015-06-14516_830000000000000_ALI_1993 13     516.83/ALI/19932015-06-14 2015-06-14 
 87527Central Library, BUETCentral Library, BUETCirculation sectionGeneral Book2015-09-02516_830000000000000_ALI_1993 14     516.83/ALI/19932017-03-04 2015-09-02